000 00184nam a2200085Ia 4500
008 250605s9999 xx 000 0 und d
041 _aeng
100 _aAseem Sharma
245 _aTaal Inc.
999 _c44329
_d44329